00982nam a2200265Ia 450000500170000000800410001702000180005808200180007610000380009424500670013225000180019930000250021750000380024265000620028065000470034265000300038965000440041965000450046365000280050826400570053633600270059333700330062033800280065304000350068120220317001415.0161108s2014 ck g 000 0 spa  a978958707246404a351.861bG14m1 aGalvis Gaitán, Fernando Augusto10aManual de administración públicacFernando Galvis Gaitán a3a. edición a439 páginasc24 cm aIncluye glosario y bibliografía142LEMBaAdministración públicaxPlaneación zColombia142LEMBaAdministración públicaxHistoria142LEMBaFunción pública142LEMBaFuncionarios públicoszColombia142LEMBaAgencias administrativaszColombia142LEMB aEstadozColombia aBogotábLibrería Ediciones del Profesionalc2014 atextobtxt2rdacontent asin mediaciónbn2rdamedia avolumenbnc2rdacarrier aCO-BoRNBPbspaerdacCO-BoRNBP